[Event "Budapest FS06 FM-B"]
[Site "Budapest"]
[Date "2009.06.16"]
[Round "11"]
[White "Steffenello, Leonardo"]
[Black "Jasz, Peter"]
[Result "1-0"]
[WhiteElo "2128"]
[BlackElo "2007"]
[PlyCount "35"]
[EventDate "2009.06.06"]
[EventType "tourn"]
[EventRounds "11"]
[EventCountry "HUN"]
[SourceTitle "CBM 130 Extra"]
[Source "ChessBase"]
[SourceDate "2009.07.02"]
[SourceVersion "2"]
[SourceVersionDate "2009.07.15"]
[SourceQuality "1"]

1. d4 Nf6 2. c4 g6 3. Nc3 Bg7 4. e4 d6 5. Be2 0-0 6. Nf3 e5 7. dxe5 dxe5 8. Qxd8 Rxd8 9. Bg5 c6 10. Nxe5 Re8 11. 0-0-0 Na6 12. f4 h6 13. Bh4 g5 14. fxg5 Nxe4 15. Nxe4 Bxe5 16. Rhf1 hxg5 17. Bxg5 Be6 18. Bh5 1-0

[Event "Budapest FS06 FM-B"]
[Site "Budapest"]
[Date "2009.06.12"]
[Round "7"]
[White "Jasz, Peter"]
[Black "Yip, Michael"]
[Result "0-1"]
[WhiteElo "2007"]
[BlackElo "2067"]
[PlyCount "128"]
[EventDate "2009.06.06"]
[EventType "tourn"]
[EventRounds "11"]
[EventCountry "HUN"]
[SourceTitle "CBM 130 Extra"]
[Source "ChessBase"]
[SourceDate "2009.07.02"]
[SourceVersion "2"]
[SourceVersionDate "2009.07.15"]
[SourceQuality "1"]

1. e4 e5 2. Nf3 Nc6 3. Bb5 a6 4. Ba4 Nf6 5. 0-0 Be7 6. Re1 b5 7. Bb3 0-0 8. a4 b4 9. a5 d6 10. c3 Be6 11. Bxe6 fxe6 12. d4 bxc3 13. Nxc3 Nxd4 14. Nxd4 exd4 15. Qxd4 c5 16. Qc4 d5 17. exd5 exd5 18. Qe2 Bd6 19. Qe6+ Kh8 20. Bg5 d4 21. Ne4 Be7 22. Bxf6 Bxf6 23. Nxc5 d3 24. Rad1 d2 25. Re2 Bd4 26. Nd3 Qxa5 27. Rexd2 Rae8 28. b4 Qb5 29. Qg4 Bc3 30. Re2 Rxe2 31. Qxe2 Bxb4 32. Qe5 Qxe5 33. Nxe5 Kg8 34. Rd7 Re8 35. f4 a5 36. Nc6 Bc5+ 37. Kf1 a4 38. Rd5 Bf8 39. Ne5 Ra8 40. Rd1 a3 41. Ra1 Ra4 42. Nd3 Kf7 43. Ke2 Ke6 44. Ra2 Kd5 45. g4 Bd6 46. h3 Ke4 47. f5 Rc4 48. Rd2 Bc5 49. Nxc5+ Rxc5 50. Ra2 Ra5 51. Kf2 Kf4 52. Kg2 h6 53. Kf2 Ra4 54. Kg2 h5 55. Rf2+ Kg5 56. f6 gxf6 57. Rf5+ Kg6 58. Rf1 hxg4 59. hxg4 a2 60. Ra1 Ra3 61. Kf2 Kg5 62. Ke2 Kxg4 63. Rg1+ Kf4 64. Ra1 Ke4 0-1

[Event "Budapest FS06 FM-B"]
[Site "Budapest"]
[Date "2009.06.10"]
[Round "5"]
[White "Jasz, Peter"]
[Black "Havaskori, Laszlo"]
[Result "1/2-1/2"]
[WhiteElo "2007"]
[BlackElo "2035"]
[PlyCount "56"]
[EventDate "2009.06.06"]
[EventType "tourn"]
[EventRounds "11"]
[EventCountry "HUN"]
[SourceTitle "CBM 130 Extra"]
[Source "ChessBase"]
[SourceDate "2009.07.02"]
[SourceVersion "2"]
[SourceVersionDate "2009.07.15"]
[SourceQuality "1"]

1. e4 e6 2. d4 d5 3. Nd2 c5 4. Ngf3 Nc6 5. Bb5 Bd7 6. 0-0 a6 7. exd5 axb5 8. dxc6 Bxc6 9. Re1 cxd4 10. Nb3 Qf6 11. Nbxd4 Bc5 12. Nxc6 bxc6 13. Bg5 Qxb2 14. Ne5 Qd4 15. Qf3 Qxf2+ 16. Qxf2 Bxf2+ 17. Kxf2 f6 18. Nxc6 fxg5 19. Rxe6+ Kd7 20. Rae1 Nf6 21. Nd4 Rxa2 22. Re7+ Kd6 23. Nxb5+ Kc5 24. R7e5+ Kb6 25. Rxg5 Rxc2+ 26. Kg3 Rc5 27. Rxc5 Kxc5 28. Re5+ Kc6 1/2-1/2

[Event "Budapest FS06 FM-B"]
[Site "Budapest"]
[Date "2009.06.07"]
[Round "2"]
[White "Bodrogi, Laszlo"]
[Black "Jasz, Peter"]
[Result "0-1"]
[WhiteElo "2050"]
[BlackElo "2007"]
[PlyCount "70"]
[EventDate "2009.06.06"]
[EventType "tourn"]
[EventRounds "11"]
[EventCountry "HUN"]
[SourceTitle "CBM 130 Extra"]
[Source "ChessBase"]
[SourceDate "2009.07.02"]
[SourceVersion "2"]
[SourceVersionDate "2009.07.15"]
[SourceQuality "1"]

1. e4 c5 2. Nf3 d6 3. d4 cxd4 4. Nxd4 Nf6 5. Nc3 g6 6. Bc4 Bg7 7. Be3 0-0 8. f3 Nc6 9. Bb3 Bd7 10. Qd2 Ne5 11. 0-0-0 Rc8 12. h4 h5 13. Bg5 Rc5 14. Kb1 b5 15. Nde2 a5 16. f4 Neg4 17. e5 dxe5 18. Bxf6 Nxf6 19. fxe5 Rxe5 20. Nf4 Bh6 21. Qd4 Bxf4 22. Qxf4 Qb8 23. Rhf1 Bg4 24. Qh6 Be6 25. Rd3 Ng4 26. Qd2 Bc4 27. Bxc4 bxc4 28. Rd4 Rc5 29. Ne4 Rb5 30. Qc3 Ne5 31. Rfd1 a4 32. a3 Qb6 33. Rd5 Rb8 34. Qxe5 Rxb2+ 35. Kc1 Qe3+ 0-1

[Event "Budapest FS11 FM-A"]
[Site "Budapest"]
[Date "2008.11.09"]
[Round "9"]
[White "Jasz, Peter"]
[Black "Lakat, Gyula"]
[Result "1-0"]
[WhiteElo "1974"]
[BlackElo "1928"]
[PlyCount "51"]
[EventDate "2008.11.01"]
[EventType "tourn"]
[EventRounds "9"]
[EventCountry "HUN"]
[SourceTitle "EXT 2009"]
[Source "ChessBase"]
[SourceDate "2008.11.26"]
[SourceVersion "1"]
[SourceVersionDate "2008.11.26"]
[SourceQuality "1"]

1. e4 c5 2. Nf3 d6 3. d4 cxd4 4. Nxd4 Nf6 5. Nc3 a6 6. f4 Qb6 7. Be2 g6 8. Qd3 Bg7 9. Be3 Qc7 10. 0-0 Ng4 11. Nd5 Qd8 12. Bxg4 Bxg4 13. f5 gxf5 14. Nxf5 Bxf5 15. Bb6 Qc8 16. Nc7+ Kf8 17. Rxf5 Nd7 18. Ne6+ Kg8 19. Nxg7 Kxg7 20. Qg3+ Kf8 21. Bd4 e5 22. Raf1 Qc4 23. Be3 h6 24. Qg6 Ke8 25. Rxf7 Kd8 26. Qg7 1-0

[Event "Budapest FS11 FM-A"]
[Site "Budapest"]
[Date "2008.11.06"]
[Round "6"]
[White "Jasz, Peter"]
[Black "Cox, Tristan"]
[Result "1-0"]
[WhiteElo "1974"]
[BlackElo "2133"]
[PlyCount "110"]
[EventDate "2008.11.01"]
[EventType "tourn"]
[EventRounds "9"]
[EventCountry "HUN"]
[SourceTitle "EXT 2009"]
[Source "ChessBase"]
[SourceDate "2008.11.26"]
[SourceVersion "1"]
[SourceVersionDate "2008.11.26"]
[SourceQuality "1"]

1. e4 c5 2. Nf3 Nc6 3. d4 cxd4 4. Nxd4 Nf6 5. Nc3 e5 6. Ndb5 d6 7. Bg5 a6 8. Na3 b5 9. Nd5 Be7 10. Bxf6 Bxf6 11. c3 0-0 12. Nc2 Bg5 13. a4 bxa4 14. Rxa4 a5 15. Bc4 Rb8 16. b3 Kh8 17. Nce3 g6 18. 0-0 f5 19. Qf3 f4 20. Nc2 h5 21. h3 Rb7 22. Ba6 Rxb3 23. Bxc8 Qxc8 24. Rd1 Bd8 25. Na1 Rb7 26. Nc2 Rh7 27. Nce3 g5 28. g4 hxg4 29. hxg4 Kg7 30. Nf5+ Kg6 31. Nxd6 Qa6 32. Raa1 Rfh8 33. Nf5 Rh1+ 34. Qxh1 Rxh1+ 35. Kxh1 Qe2 36. Rab1 Qxg4 37. Nxf4+ Qxf4 38. Rd6+ Kf7 39. Rb7+ Kf8 40. Rh6 Qxe4+ 41. Kg1 Qe1+ 42. Kg2 Ne7 43. Rf6+ Kg8 44. Nxe7+ Bxe7 45. Rxe7 Qe4+ 46. Kg1 a4 47. Rd6 Qg4+ 48. Kh2 Kf8 49. Ra7 Qh4+ 50. Kg2 Ke8 51. Rb6 Qg4+ 52. Kh2 Qf4+ 53. Kg2 e4 54. Rh6 Qf3+ 55. Kg1 Qxc3 1-0

[Event "Budapest FS11 FM-A"]
[Site "Budapest"]
[Date "2008.11.04"]
[Round "4"]
[White "Jasz, Peter"]
[Black "Letay, Gyula"]
[Result "1-0"]
[WhiteElo "1974"]
[BlackElo "2094"]
[PlyCount "79"]
[EventDate "2008.11.01"]
[EventType "tourn"]
[EventRounds "9"]
[EventCountry "HUN"]
[SourceTitle "EXT 2009"]
[Source "ChessBase"]
[SourceDate "2008.11.26"]
[SourceVersion "1"]
[SourceVersionDate "2008.11.26"]
[SourceQuality "1"]

1. e4 c5 2. Nf3 d6 3. d4 cxd4 4. Nxd4 Nf6 5. Nc3 a6 6. Be2 e5 7. Nb3 Be6 8. f4 Qc7 9. g4 Bc4 10. g5 Bxe2 11. Qxe2 Nfd7 12. Nd5 Qd8 13. Bd2 Nc6 14. f5 Ne7 15. Ne3 Nc6 16. Qg4 Nb6 17. g6 hxg6 18. h4 Be7 19. fxg6 Rxh4 20. gxf7+ Kf8 21. Qg2 Rxh1+ 22. Qxh1 Bh4+ 23. Ke2 Qg5 24. Rg1 Qh5+ 25. Rg4 g5 26. Qf3 Qxf7 27. Nf5 Qc4+ 28. Kd1 Qf7 29. Bxg5 Bxg5 30. Rxg5 Ne7 31. Qg2 Nc4 32. Kc1 Ng8 33. Rg7 Qe6 34. Rxb7 Qf6 35. Rg7 Qe6 36. Rg6 Qf7 37. Qg5 Re8 38. Rg7 Qe6 39. Qh5 d5 40. Nc5 1-0

[Event "Budapest FS11 FM-A"]
[Site "Budapest"]
[Date "2008.11.01"]
[Round "1"]
[White "Gruz, Janos"]
[Black "Jasz, Peter"]
[Result "1/2-1/2"]
[WhiteElo "2037"]
[BlackElo "1974"]
[PlyCount "70"]
[EventDate "2008.11.01"]
[EventType "tourn"]
[EventRounds "9"]
[EventCountry "HUN"]
[SourceTitle "EXT 2009"]
[Source "ChessBase"]
[SourceDate "2008.11.26"]
[SourceVersion "1"]
[SourceVersionDate "2008.11.26"]
[SourceQuality "1"]

1. Nf3 Nf6 2. g3 g6 3. Bg2 Bg7 4. 0-0 d6 5. d4 0-0 6. c4 Nbd7 7. Nc3 e5 8. e4 Re8 9. dxe5 dxe5 10. Qc2 c6 11. Rd1 Qc7 12. b3 b6 13. Ba3 Bf8 14. Bxf8 Nxf8 15. Qd2 Bg4 16. Qd6 Ne6 17. Qxc7 Nxc7 18. Rd6 Bxf3 19. Bxf3 Ne6 20. Rxc6 Red8 21. Kg2 Rd3 22. Nb5 a6 23. Rd6 Rd8 24. Rxd8+ Rxd8 25. Nc3 Rd3 26. Nd5 Nxd5 27. exd5 Nd4 28. Be4 Rd2 29. d6 Kf8 30. b4 f5 31. Bb7 Nc2 32. Rb1 Ne3+ 33. Kg1 Nxc4 34. Bxa6 Nxd6 35. a4 Ke7 1/2-1/2

[Event "Budapest FS11 FM-B"]
[Site "Budapest"]
[Date "2004.11.13"]
[Round "8"]
[White "Glatzel, Hans Joachim"]
[Black "Jasz, Peter"]
[Result "1-0"]
[WhiteElo "1973"]
[BlackElo "2019"]
[PlyCount "99"]
[EventDate "2004.11.??"]
[EventType "tourn"]
[EventRounds "11"]
[EventCountry "HUN"]
[SourceTitle "EXT 2006"]
[Source "ChessBase"]
[SourceDate "2005.11.24"]
[SourceVersion "1"]
[SourceVersionDate "2005.11.24"]
[SourceQuality "1"]

1. Nf3 Nf6 2. c4 g6 3. g3 Bg7 4. Nc3 0-0 5. Bg2 d6 6. d4 Nbd7 7. 0-0 e5 8. Be3 Ng4 9. Bg5 f6 10. Bd2 Nh6 11. Qc2 c6 12. Rad1 Qe7 13. Rfe1 Nb6 14. b3 Nf7 15. h3 f5 16. dxe5 dxe5 17. e4 Be6 18. exf5 gxf5 19. Ne2 Rad8 20. Bc3 Rxd1 21. Rxd1 Rd8 22. Rxd8+ Qxd8 23. Qb2 Qc7 24. Nd2 Qd6 25. f4 Qc5+ 26. Kh2 Qe3 27. Nf1 Qc5 28. Qd2 Qe7 29. Bb4 c5 30. Bc3 Nc8 31. fxe5 Nxe5 32. Nf4 Bf7 33. Ne3 Nd6 34. Ned5 Qd7 35. Qe3 Nc6 36. Bxg7 Kxg7 37. Qc3+ Nd4 38. Ne2 Bxd5 39. Nxd4 cxd4 40. Qxd4+ Kg6 41. Qxd5 Qe7 42. c5 Ne4 43. Bxe4 fxe4 44. Qd6+ Qf6 45. Kg2 Kf7 46. Qf4 Qxf4 47. gxf4 Ke6 48. Kf2 Kf5 49. Ke3 h5 50. b4 1-0